000 00462nam a2200181Ia 4500
005 20250423101053.0
008 250422s9999 xx 000 0 und d
020 _a9789785270426
050 _aQC 760.4 M37 A696/
100 _aAri, Niyazi
245 0 _aSymbolic computation of electromagnetics with maxima
260 _aAbuja
260 _bNTNU Publication
260 _c2014
300 _a93 p
650 _aComputation - electromagnetics
942 _cBK
999 _c35194
_d35194